Women Empowerment Socio Economic Transformation in the Digital Age / edited by Shilpi Saini, Neelam Joshi (Record no. 52198)

MARC details
000 -LEADER
fixed length control field 00658nam a22001937a 4500
003 - CONTROL NUMBER IDENTIFIER
control field OSt
008 - FIXED-LENGTH DATA ELEMENTS--GENERAL INFORMATION
fixed length control field 260622b |||||||| |||| 00| 0 eng d
020 ## - INTERNATIONAL STANDARD BOOK NUMBER
International Standard Book Number 9789353872113
082 ## - DEWEY DECIMAL CLASSIFICATION NUMBER
Classification number 305.420285
Item number S13W
245 ## - TITLE STATEMENT
Title Women Empowerment Socio Economic Transformation in the Digital Age / edited by Shilpi Saini, Neelam Joshi
260 ## - PUBLICATION, DISTRIBUTION, ETC. (IMPRINT)
Place of publication, distribution, etc Delhi :
Name of publisher, distributor, etc Satish Serial Publishing House,
Date of publication, distribution, etc 2026.
300 ## - PHYSICAL DESCRIPTION
Extent xii, 145 p.
650 ## - SUBJECT ADDED ENTRY--TOPICAL TERM
Topical term or geographic name as entry element Social Sciences
650 ## - SUBJECT ADDED ENTRY--TOPICAL TERM
Topical term or geographic name as entry element Social groups (Sociology of specific groups)
650 ## - SUBJECT ADDED ENTRY--TOPICAL TERM
Topical term or geographic name as entry element Social position and status of women (Women Empowerment )
700 ## - ADDED ENTRY--PERSONAL NAME
Personal name Saini, Shilpi
700 ## - ADDED ENTRY--PERSONAL NAME
Personal name Joshi, Neelam
942 ## - ADDED ENTRY ELEMENTS (KOHA)
Source of classification or shelving scheme
Koha item type Books
Holdings
Withdrawn status Lost status Source of classification or shelving scheme Damaged status Not for loan Home library Current library Shelving location Date acquired Source of acquisition Cost, normal purchase price Total Checkouts Full call number Barcode Date last seen Bill Date Koha item type Bill Number
          Dr. Rajendra Prasad Central Agricultural University Pusa, Dr. Rajendra Prasad Central Agricultural University Pusa, General Stacks 22/06/2026 IBPSS, 1850.00   305.420285 S13W 87093 22/06/2026 28/01/2026 Books Invoice No. IBPS/021/2025-26,
Hosted, Implemented, Customized & Maintained by: BestBookBuddies

Powered by Koha